Statistics for Lower Saxony State Quiz

Click here to take the quiz!

General Stats

  • This quiz has been taken 324 times
  • The average score is 11 of 17

Answer Stats

HintAnswer% Correct
Bordering seaNorth Sea
96%
Capital and largest cityHanover
95%
Bordering foreign countryNetherlands
95%
Lower Saxony surrounds this city, and almost the entire state of the same nameBremen
90%
Mentioned city is home to this automaking companyVolkswagen
78%
City founded in 1937Wolfsburg
70%
German chancellor (1998-2005)Gerhard Schröder
68%
This Canadian province was named for a royal house based in BraunschweigNew Brunswick
64%
According to legend, a pied piper lured children away in this townHamelin
62%
Coastal region in the west whose western part lies in another countryEast Frisia
59%
Most spoken dialect (hint: it's obvious)Low German
58%
What is the Harz?A mountain range
55%
People from mentioned region pour cream into this beverage without stirring itBlack tea
55%
Rock band, notorious for "Wind of Change", that was founded in the capitalScorpions
52%
Prankster of medieval folklore: __ EulenspiegelTill
49%
A royal family named for the capital ruled this country until 1901United Kingdom
48%
Swindling baron who supposedly rode a cannonball, born in BodenwerderBaron Münchhausen
40%

Score Distribution

Percentile by Number Answered

Percent of People with Each Score

Your Score History

You have not taken this quiz